Trastorno por df̌icit de atencin̤ e hiperactividad (TDAH). Aspectos jurd̕ico-penales, psicolg̤icos y criminolg̤icos

Bibliographic Details
Main Author: Aguilar Cr̀celes, Marta Mara̕
Format: Book
Language:Spanish
Published: Madrid: Dykinson, 2014
Subjects:
Online Access:Acceso restringido

MARC

LEADER 00000nam a22000007a 4500
005 20150929120414.0
007 cr|||| ||u|
008 150929s2014 sp ||||| |||| 00| 0 spa d
020 |a 978-84-9085-139-5 
035 |a 12867 
040 |a vLex 
090 |c 5559  |d 5559 
100 1 2 |a Aguilar Cr̀celes, Marta Mara̕ 
245 |a Trastorno por df̌icit de atencin̤ e hiperactividad (TDAH). Aspectos jurd̕ico-penales, psicolg̤icos y criminolg̤icos  |h [Recurso electrn̤ico] /  |c Marta Mara̕ Aguilar Cr̀celes  
256 |a Servicio en ln̕ea 
260 |a Madrid:  |b Dykinson,   |c 2014 
300 |a 1 recurso electrn̤ico 
500 |a El Trastorno por Df̌icit de Atencin̤ e Hiperactividad (TDAH) es Psicopatologa̕ del Neurodesarrollo ms̀ prevalente a nivel mundial. Diagnosticada en los primeros aǫs de vida bajo la apreciacin̤ de sn̕tomas de inatencin̤, hiperactividad, e impulsividad, se caracteriza principalmente por una alteracin̤ de la funcin̤ ejecutiva a nivel encefl̀ico, lo cual englobara̕, entre otros aspectos, la incapacidad para aten-der adecuadamente a ciertos estm̕ulos, planificar, reflexionar sobre las consecuencias de acciones futuras, o inhibir la conducta frente a ciertos estm̕ulos. La significacin̤ cln̕ica del TDAH podra̕ traducirse en severas consecuencias tanto a corto como a largo plazo, pudiendo llegar a vincular dichos resultados al comportamiento disocial e incluso criminal, aunque lo har ̀en una minora̕ de sujetos con aquľ Cuadro y comn︢mente en presencia de comorbilidad diagns̤tica, dotando de gran relevancia a la sintomatologa̕ externalizante. As ̕pues, la necesidad de indagar sobre aquellas r̀eas jurd̕ico-penales y criminolg̤icas vinculadas a la presencia de psicopatologa̕ en el sujeto conduce a realizar una bs︢queda cientf̕ica, exhaustiva y comparada, sobre aquel conjunto de variables que tanto a nivel intrn̕seco como extrn̕seco pudieran llegar a delimitar una trayectoria futura sustentada en la criminalidad y delincuencia. Por todo ello, se plantea la cobertura multidisciplinar del TDAH en base a distintas ramas de conocimiento, destacando fundamentalmente las que ataęn al Derecho Penal, Psicologa̕, y Criminologa̕; esto es, a sus implicaciones jurd̕ico-penales, psicolg̤icas y criminolg̤icas 
506 1 |a Disponible solo en los productos indicados  |d vLex Global  |d vLex Global (Academic Edition, excluding Law Schools)  |d vLex Global (U.S. Academic Edition, Law Schools)  |d vLex Global (U.S. Academic Edition, excluding Law Schools)  |d vLex Global (Academic Edition, Law Schools) 
650 |a Trastorns de l'atenci ̤  |z Espaą  |e Derecho y legislacin̤ 
740 |a vLex libros (Servicio en ln̕ea) 
856 4 0 |u http://vlex.com/source/trastorno-por-deficit-de-atencion-e-hiperactividad-tdah-aspectos-juridico-penales-psicologicos-y-criminologicos-12867  |z Acceso restringido 
942 |c BOOK 
999 |a Attention deficit disorder with hyperactivity 
999 |a Law and legislation